000 01132nac a22001811u 4500
008 110111s2003 xxu||||| |||| 00| 0 ara d
082 _a616.462
_bك ي ف
110 1 _aوزارة الصحة
_921901
245 _aكيف تعيش حياة أفضل مع مرض السكر ؟ :
_bكتيب التثقيف الصحي لمرضى السكر /
_cإعداد لجنة برنامج رعاية مرضى السكر ؛ إشراف الإدارة المركزية للرعاية الصحية الأولية ، ليلى الدوسري
260 _aالكويت :
_bمؤسسة الكويت للتقدم العلمي ،
_c2003.
300 _a80 ص :
_bايض لو ؛
_c20 سم.
541 _aإهداء ؛
_cمكتبة الإسكندرية ؛
650 _aمرض السكر
_921905
_xالجوانب الصحية
650 _aالأنسولين
_921972
650 _aمرض السكر
_921906
_xالجوانب الغذائية
942 _cBB
_k616.462 ك ي ف
_2ddc
999 _c7550
_d7550